Statistics for Spain Multiple Choice Quiz

Click here to take the quiz!

General Stats

  • This quiz has been taken 963 times
    (946 since last reset)
  • The average score is 8 of 15

Answer Stats

QuestionAnswer% Correct
What is Spain's capital city?Madrid
82%
Spain uses what currency?Euro
76%
Which of these famous people were born in Spain?Pablo Picasso
72%
What is the official animal of SpainBull
71%
Besides Spanish, what is the second most spoken language in Spain?Catalan
66%
Spain has two overseas regions on the coast of Africa. What country do they border?Morocco
65%
What country does Spain share its longest border with?Portugal
62%
True or False: Columbus found the "New World" for SpainTrue
56%
Which sea or bay does Spain NOT borderNorth
55%
Spain has won the World Cup _____.Once
43%
Spain has 19 ___Regions
40%
*Spain borders 5 different countries. Which of these does Spain NOT border?Italy
37%
Which of these colors CANNOT be found on Spain's flag?Orange
32%
Which of these statements is NOT true about Spain?Andorra used to be a Spanish colony
28%
Spain is the ___ most visited country by tourists in the world2nd
23%

Score Distribution

Percentile by Number Answered

Percent of People with Each Score

Your Score History

You have not taken this quiz since the last reset